utilization of different rate cow manure fertilizer on lettuce ,ការប្រើប្រាស់កម្រិតជីលាមកគោខុសៗគ្នាលើដំណាំសាលាដ (Record no. 12087)
[ view plain ]
| 000 -LEADER | |
|---|---|
| fixed length control field | 00620nam a22001577a 4500 |
| 003 - CONTROL NUMBER IDENTIFIER | |
| control field | OSt |
| 005 - DATE AND TIME OF LATEST TRANSACTION | |
| control field | 20170810075706.0 |
| 008 - FIXED-LENGTH DATA ELEMENTS--GENERAL INFORMATION | |
| fixed length control field | 170810b xxu||||| |||| 00| 0 eng d |
| 040 ## - CATALOGING SOURCE | |
| Transcribing agency | RUA |
| 082 ## - DEWEY DECIMAL CLASSIFICATION NUMBER | |
| Classification number | AGR LEA 2014 B549 Or.1 |
| 100 ## - MAIN ENTRY--PERSONAL NAME | |
| 9 (RLIN) | 11921 |
| Personal name | LEAP KLOEMCHANN,លាភ ខ្ទឹមចន្ទន៍ |
| 245 ## - TITLE STATEMENT | |
| Title | utilization of different rate cow manure fertilizer on lettuce ,ការប្រើប្រាស់កម្រិតជីលាមកគោខុសៗគ្នាលើដំណាំសាលាដ |
| 260 ## - PUBLICATION, DISTRIBUTION, ETC. (IMPRINT) | |
| Place of publication, distribution, etc. | phnom penh |
| Name of publisher, distributor, etc. | RUA |
| Date of publication, distribution, etc. | 2014 |
| 300 ## - PHYSICAL DESCRIPTION | |
| Extent | xi;52p; |
| Other physical details | ill; |
| Dimensions | 29cm; |
| 942 ## - ADDED ENTRY ELEMENTS (KOHA) | |
| Source of classification or shelving scheme | |
| Koha item type | AGR |
| Price effective from | Date last seen | Permanent Location | Not for loan | Date acquired | Source of classification or shelving scheme | Koha item type | Lost status | Withdrawn status | Date last checked out | Total Checkouts | Shelving location | Damaged status | Barcode | Current Location | Full call number |
|---|---|---|---|---|---|---|---|---|---|---|---|---|---|---|---|
| 2017-08-10 | 2017-08-10 | Library Block B | 2017-08-10 | AGR | B547 | A08778 | Library Block B | AGR LEA 2014 B549 Or.1 | |||||||
| 2017-08-10 | 2024-08-26 | Library Block B | 2017-08-10 | AGR | 2024-06-10 | 3 | B547 | A08610 | Library Block B | AGR LEA 2014 B549 Or.2 | |||||
| 2017-08-10 | 2017-08-10 | Library Block B | 2017-08-10 | AGR | B547 | Library Block B | AGR LEA 2014 B549 Or.1 | ||||||||
| 2017-08-10 | 2017-08-10 | Library Block B | 2017-08-10 | AGR | B547 | A08419 | Library Block B | AGR LEA 2014 B549 Or.4 | |||||||
| 2017-08-10 | 2017-08-10 | Library Block B | 2017-08-10 | AGR | B547 | A09214 | Library Block B | AGR LEA 2014 B549 Or.5 | |||||||
| 2017-08-10 | 2017-08-10 | Library Block B | 2017-08-10 | AGR | B547 | A08963 | Library Block B | AGR LEA 2014 B549 Or.6 | |||||||
| 2017-08-10 | 2017-08-10 | Library Block B | 2017-08-10 | AGR | B547 | A09126 | Library Block B | AGR LEA 2014 B549 Or.7 | |||||||
| 2017-08-10 | 2018-06-20 | Library Block B | 2017-08-10 | AGR | 2018-06-15 | 2 | B547 | A08276 | Library Block B | AGR LEA 2014 B549 Or.8 |